ا سلا م میں علم و حکمت کا آ غا ز (Record no. 140780)

MARC details
000 -LEADER
fixed length control field 00768nam a22002177a 4500
005 - DATE AND TIME OF LATEST TRANSACTION
control field 20170606152203.0
008 - FIXED-LENGTH DATA ELEMENTS--GENERAL INFORMATION
fixed length control field 090109t xxu||||| |||| 00| 0urd d
010 ## - LCCN (DPL NO)
LC control number A-949219
020 ## - INTERNATIONAL STANDARD BOOK NUMBER
Terms of availability 125.00
International Standard Book Number -
035 ## - SYSTEM CONTROL NUMBER
System control number A-949219
037 ## - SOURCE OF ACQUISITION
Source of stock number/acquisition DBAD/PUB
040 ## - CATALOGING SOURCE
Original cataloging agency DPL
Language of cataloging Urdu
082 ## - DEWEY DECIMAL CLASSIFICATION NUMBER
Classification number 181.9
100 ## - MAIN ENTRY--PERSONAL NAME
Personal name شبیر ا حمد خا ن غو ر ی
245 ## - TITLE STATEMENT
Title ا سلا م میں علم و حکمت کا آ غا ز
Statement of responsibility, etc شبیر ا حمد خا ن غو ر ی
246 ## - VARYING FORM OF TITLE
Title proper/short title Islam mein Illm o Hikmat ka Aaghaz
Remainder of title By Shabbir Ahmad Khan Ghori
260 ## - PUBLICATION, DISTRIBUTION, ETC. (IMPRINT)
Place of publication, distribution, etc Patna
Name of publisher, distributor, etc Khuda Bakhsh Oriental Public Library
Date of publication, distribution, etc 1998
270 ## - ADDRESS
Address Khuda Bakhsh Oriental Public Library
City Patna
Postal code -
Telephone number -
300 ## - PHYSICAL DESCRIPTION
Extent 262ص
Dimensions 22 cm(hb)
942 ## - ADDED ENTRY ELEMENTS (KOHA)
Source of classification or shelving scheme Dewey Decimal Classification
Item type Urdu Bks
Classification part 181.9
Call number suffix غ و ر
Holdings
Withdrawn status Lost status Source of classification or shelving scheme Damaged status Not for loan Collection code Home library Current library Date acquired Source of acquisition Cost, normal purchase price Total Checkouts Full call number Barcode Date last seen Copy number Cost, replacement price Koha item type
    Dewey Decimal Classification     Non-fiction Central Library Central Library 06/06/2017 BPPD 125.00   181.9 غ و ر A-949219 06/06/2017 1 125.00 Urdu Bks

© Delhi Public Library
Hit Counter
free hit counter